| 000 | 01183nac a22002891i 4500 | ||
|---|---|---|---|
| 003 | EG-ScBUE | ||
| 005 | 20240128123618.0 | ||
| 008 | 101111s2007 u af b 000 0 ara d | ||
| 017 | _a2007 / 4113 | ||
| 020 | _a9771804782 | ||
| 040 |
_aEG-ScBUE _bara _erda _cEG-ScBUE _dEG-ScBUE |
||
| 043 | _af-ua--- | ||
| 082 | 0 | 4 |
_a962.04 _bم ط ل _222 |
| 100 | 1 |
_aعبد المطلب، عاصم محروس، _eمؤلف. _921198 |
|
| 245 | 1 | 2 |
_aالطلبة والحركة الوطنية في مصر 1922 - 1952 / _cتأليف د. عاصم محروس عبد المطلب. |
| 264 | 1 |
_aالقاهرة : _bمطبعة دار الكتب والوثائق القومية، _c2007. |
|
| 300 |
_a404 صفحة ؛ _c24 سم. |
||
| 336 |
_2rdacontent _aنص _btxt |
||
| 337 |
_aبدون وسيط _2rdamedia _bn |
||
| 338 |
_aمجلد _bnc _2rdacarrier |
||
| 490 | 0 |
_aمصر النهضة ؛ _v67 |
|
| 504 | _aيشتمل على إرجاعات ببليوجرافية. | ||
| 650 | 7 |
_aالطلبة _xنشاط سياسي _zمصر. _2BUEsh _921199 |
|
| 651 | 7 |
_911380 _aمصر _xتاريخ _yالعصر الحديث _yالاحتلال البريطانى 1882-1956. _2BUEsh |
|
| 655 | _vReading book | ||
| 942 |
_cBB _2ddc |
||
| 999 |
_c8158 _d8158 |
||